<?xml version="1.0" encoding="UTF-8"?>
<record
    xmlns:xsi="http://www.w3.org/2001/XMLSchema-instance"
    xsi:schemaLocation="http://www.loc.gov/MARC21/slim http://www.loc.gov/standards/marcxml/schema/MARC21slim.xsd"
    xmlns="http://www.loc.gov/MARC21/slim">

  <leader>01119nam a22001697a 4500</leader>
  <datafield tag="999" ind1=" " ind2=" ">
    <subfield code="c">38925</subfield>
    <subfield code="d">38925</subfield>
  </datafield>
  <datafield tag="020" ind1=" " ind2=" ">
    <subfield code="a">9789391928421</subfield>
  </datafield>
  <datafield tag="082" ind1=" " ind2=" ">
    <subfield code="a">950.3</subfield>
    <subfield code="b">LON-O</subfield>
  </datafield>
  <datafield tag="100" ind1=" " ind2=" ">
    <subfield code="a">Landon, Perceval </subfield>
    <subfield code="e">author.</subfield>
  </datafield>
  <datafield tag="245" ind1=" " ind2=" ">
    <subfield code="a">The Opening of Tibet:</subfield>
    <subfield code="b">An Account of Lhasa and the Country and people of Central Tibet and of the progress of Mission sent there by the English Government in the Year 1903-4</subfield>
    <subfield code="c"> Perceval Landon</subfield>
  </datafield>
  <datafield tag="260" ind1=" " ind2=" ">
    <subfield code="a">New Delhi:</subfield>
    <subfield code="b">Manohar,</subfield>
    <subfield code="c">1905,</subfield>
  </datafield>
  <datafield tag="300" ind1=" " ind2=" ">
    <subfield code="a">xv, 484p.</subfield>
  </datafield>
  <datafield tag="520" ind1=" " ind2=" ">
    <subfield code="a">Percival Landon was the special correspondent of the Times of London, who accompanied the military expedition of Col. Younghusband in 1903-04. This book is not only a narrative of the march, but also describes what the first Western eyes saw. It is often political in its tone, but also gives us an insight into the daily lives of Tibetans, their religion, mannerisms, and customs, though not in exhaustive detail. It gives a non-militaristic and journalistic view of the operation of 1903-04.</subfield>
  </datafield>
  <datafield tag="650" ind1=" " ind2=" ">
    <subfield code="a">Tibet</subfield>
    <subfield code="v">English Misson</subfield>
  </datafield>
  <datafield tag="650" ind1=" " ind2=" ">
    <subfield code="a">English Government</subfield>
    <subfield code="v">Misson</subfield>
    <subfield code="x">History</subfield>
    <subfield code="z">Lhasa</subfield>
  </datafield>
  <datafield tag="650" ind1=" " ind2=" ">
    <subfield code="a">Social Life</subfield>
    <subfield code="v">People</subfield>
    <subfield code="x">Religion</subfield>
    <subfield code="z">Lhasa</subfield>
  </datafield>
  <datafield tag="942" ind1=" " ind2=" ">
    <subfield code="2">ddc</subfield>
    <subfield code="c">BK</subfield>
  </datafield>
  <datafield tag="952" ind1=" " ind2=" ">
    <subfield code="0">0</subfield>
    <subfield code="1">0</subfield>
    <subfield code="4">0</subfield>
    <subfield code="7">0</subfield>
    <subfield code="a">NASSDOC</subfield>
    <subfield code="b">NASSDOC</subfield>
    <subfield code="d">2024-03-21</subfield>
    <subfield code="e">Rajasthani Granthagar</subfield>
    <subfield code="g">1516.20</subfield>
    <subfield code="i">2024-03-18</subfield>
    <subfield code="l">0</subfield>
    <subfield code="o">950.3 LON-O</subfield>
    <subfield code="p">54109</subfield>
    <subfield code="r">2024-04-22 00:00:00</subfield>
    <subfield code="v">2100.00</subfield>
    <subfield code="w">2024-03-18</subfield>
    <subfield code="y">BK</subfield>
  </datafield>
</record>
